Common Birds / (Record no. 147948)

MARC details
000 -LEADER
fixed length control field 00620nam a22002057a 4500
005 - DATE AND TIME OF LATEST TRANSACTION
control field 20180426161643.0
010 ## - LCCN (DPL NO)
LC control number ENG-122686
020 ## - INTERNATIONAL STANDARD BOOK NUMBER
International Standard Book Number 9788123710327
Terms of availability 100.00
035 ## - SYSTEM CONTROL NUMBER
System control number EN-106218
037 ## - SOURCE OF ACQUISITION
Source of stock number/acquisition DBAD/PUB.
082 ## - DEWEY DECIMAL CLASSIFICATION NUMBER
Classification number 598
100 ## - MAIN ENTRY--PERSONAL NAME
Personal name Salim Ali
245 ## - TITLE STATEMENT
Title Common Birds /
Statement of responsibility, etc by Salim Ali [and] Laeeq Futehally
250 ## - EDITION STATEMENT
Edition statement 2nd edn.
260 ## - PUBLICATION, DISTRIBUTION, ETC. (IMPRINT)
Place of publication, distribution, etc New Delhi
Name of publisher, distributor, etc National Book Trust
Date of publication, distribution, etc 2015
270 ## - ADDRESS
Address Nehru Bhawan, 5 Institutional Area, Phase-II, Vasant Kunj,
City New Delhi
Postal code 110070
300 ## - PHYSICAL DESCRIPTION
Extent 126p.
Dimensions 22cm(pbk)
Other physical details ill.
700 ## - ADDED ENTRY--PERSONAL NAME
Personal name Futehally, Laeeq
942 ## - ADDED ENTRY ELEMENTS (KOHA)
Source of classification or shelving scheme Dewey Decimal Classification
Item type English Books
Classification part 598
Call number suffix SAL
Holdings
Withdrawn status Lost status Not for loan Collection code Home library Current library Date acquired Source of acquisition Cost, normal purchase price Full call number Barcode Copy number Cost, replacement price Koha item type
      Non-fiction Shahdara Branch Shahdara Branch 26/04/2018 DBAD/PUB 100.00 598 SAL EN-106218 1 100.00 English Books

© Delhi Public Library
Hit Counter
free hit counter